LEADER 03483oam 2200865 c 450 001 9910155424003321 005 20260302090207.0 010 $a9783839435175 010 $a383943517X 024 7 $a10.14361/9783839435175 035 $a(CKB)3710000000974600 035 $a(MiAaPQ)EBC4772656 035 $a(DE-B1597)473366 035 $a(OCoLC)953884582 035 $a(OCoLC)966360052 035 $a(DE-B1597)9783839435175 035 $a(transcript Verlag)9783839435175 035 $a(Perlego)1463571 035 $a(EXLCZ)993710000000974600 100 $a20260302d2016 uy 0 101 0 $aeng 135 $aurcnu|||||||| 181 $2rdacontent 182 $2rdamedia 183 $2rdacarrier 200 10$aComplicity$eNew Perspectives on Collectivity$fProf. Dr. Gesa Ziemer, Ehren Fordyce 205 $a1st ed. 210 $aBielefeld$ctranscript Verlag$d2016 215 $a1 online resource (185 pages) 225 0 $aEdition Kulturwissenschaft 311 08$a9783837635171 311 08$a3837635171 320 $aIncludes bibliographical references. 327 $aFrontmatter 1 Table of Contents 5 Introduction 7 1. Definition and Reinterpretation of Complicity - from Criminal Law to Media Discourse 15 2. Everyday: Changed Social and Political Figures 59 3. Work: Transformed Work Environments 83 4. Authorship: Complicit Collectivity 119 5. The Research Film Komplizenschaften (2007) (Switzerland, Dir.: Barbara Weber/Gesa Ziemer) 153 6. Instead of a Summary: 15 Indicators of Complicity 155 Bibliography 171 330 $aOccupy, Commons and other social experiments show: New collectivities are invented and tested. Gesa Ziemer enriches this debate through the insight that in the process, the reinterpretation of old forms of joint action can play an essential role. By looking at complicities in art, science and economy, ongoing collectivization is exposed.Complicity means the committing of an act together, so the definition of criminal law. But for a long time now the concept has also been targeted at legal collective actions ? mainly in innovative environments. Individuals act jointly in an intensely affective way ? albeit only temporarily, bindingly in common ? but still individually, inventively ? and at the same time in a goal-oriented manner. 410 0$aCulture & theory. 517 2 $aZiemer, Complicity$eNew Perspectives on Collectivity 606 $aComplicity 606 $aCollectives 606 $aPublic 606 $aWork 606 $aIndividual 606 $aArt 606 $aScience 606 $aEconomy 606 $aSocial Relations 606 $aSociety 606 $aCulture 606 $aCultural Studies 606 $aSociology of Art 606 $aSociology of Culture 606 $aDiagnosis of Our Time 615 4$aComplicity 615 4$aCollectives 615 4$aPublic 615 4$aWork 615 4$aIndividual 615 4$aArt 615 4$aScience 615 4$aEconomy 615 4$aSocial Relations 615 4$aSociety 615 4$aCulture 615 4$aCultural Studies 615 4$aSociology of Art 615 4$aSociology of Culture 615 4$aDiagnosis of Our Time 676 $a345/.04 702 $aFordyce$b Ehren$4trl 801 0$bDE-B1597 801 1$bDE-B1597 906 $aBOOK 912 $a9910155424003321 996 $aComplicity$92065167 997 $aUNINA